| 000 | 00935nam a2200205 a 4500 | ||
|---|---|---|---|
| 001 | 000430011 | ||
| 003 | AM-YeHGA | ||
| 005 | 20250618072447.0 | ||
| 008 | 050512s1970 ai ||| |||||||||||||arm|c | ||
| 040 | _aAM-YeHGA | ||
| 041 | 0 | _aarm | |
| 245 | 0 | 0 |
_aՇողակաթ տարեգիրք … : _bՍ. Խաչ դպրեւանուց պատրիարքութեան հայոց Թուրքիոյ : Կրօնա-բարոյական գրական եւ պատմա-բանասիրական. |
| 246 | 1 | 1 | _aShogagat |
| 260 |
_aԻսթանպուլ : _bԱ. հ., _c1970. |
||
| 300 |
_aՏարեգիրք ; _c27 սմ. |
||
| 500 | _aՍյունակագիր | ||
| 505 | 1 | 0 |
_gՏարեգիրք 1970 (1970, 80 էջ, դիմանկ., նկ.) _gՏարեգիրք 1971-72 (1973, 109 էջ) _gՏարեգիրք 1973 (1974, 95 էջ, աղյս.) _gՏարեգիրք 1974-1976 (1975, 190 էջ) _gՏարեգիրք 1978 (1977, 110 էջ) |
| 650 | 1 | 4 |
_aՏարեգիրք _94408 |
| 090 | _c163710 | ||
| 999 |
_c162299 _d162299 |
||